01066ngm a2200337 4500003000400000005001700004007000500021008004100026010003300067024002400100035001500124035002000139040001300159082001500172245007100187260002900258300006300287440003200350500004900382538004900431538009700480650001900577700001900596700001100615700001800626700001400644700001600658700002100674700001700695700001600712dpl20081204123914.0DVD ||||||sp199 xxu|||||c ||| 00| 0 ng d  aDVD-001381 & DVD-004814-4816 aSHE DVD 301c169.00 aDVD-001381 aDVD-004814-4816 aDPLcDPL aDVD / KHUS aKhusboocTirupati Pictures Combine Presentsh[videorecording] DVD/ bShemaroo Video Pvt. Ltd. a1 videodisc DVD; (133 min.) :bsd., col. ;c4 3/4 in.fDVD aShemaroo Home Entertainment aDigitally Re-Mastered From the Original Film aDolby Digital 5.1 - Hindi Subtitles: English aAnamorphic Wide Screen Format, Presented 2:35.1 Aspect Ratio Enhancaead for 16:9 Wide Screen aMotion Picture aKapoor, Prasan aGulzar aBurman, R. D. aJeetendra aHema Malini aTagore, Sharmila aFarida Jalal aOm Shivpuri